Szczegóły MARC21

Ekonomika portów morskich i polityka portowa : praca zbiorowa /

003 -Nazwa inst., której nr kontr. jest w polu 001 [,]
    • @
    • Nazwa instytucji, której n kontrolny jest w polu 001
    • NUKAT
005 -DATA I CZAS OSTATNIEJ MODYFIKACJI [,]
    • @
    • pole kontrolne
    • 20241231092031.0
020 -Międzynarod. znormalizowany nr książki - ISBN [ , ]
    • a
    • Numer ISBN
    • 8385843027 Find
040 -Instytucja sporządzająca opis [ , ]
    • a
    • Instytucja, która sporządziła opis (NP)
    • NUKAT
    • c
    • Instytucja, która sporządziła rekord (NP)
    • KR U/ES/JK KRU-KES
942 -Rodzaj dokumentu [ , ]
    • c
    • Rodzaj dokumentu
    • Książka
100 -Hasło główne - nazwa osobowa [1, ]
    • a
    • Nazwa osobowa (NP)
    • Grzelakowski, Andrzej
    • d
    • Daty biograficzne (NP)
    • (1949- ).
    • 9
    • KHW
    • 14198
245 -Strefa tytułu i oznaczenia odpowiedzialności [1,0]
    • a
    • Tytuł
    • Ekonomika portów morskich i polityka portowa : Find
    • b
    • Ciąg dalszy tytułu (NP)
    • praca zbiorowa / Find
    • c
    • Pozostałe elementy strefy tytułu i oznaczenia odpowiedzialności (NP)
    • pod red. Leopolda Kuźmy ; [poszczeg. rozdz. napisali Andrzej Grzelakowski, L. Kuźma, Konrad Misztal].
260 -Strefa adresu wydawniczego [ , ]
    • a
    • Miejsce wydania (P)
    • Gdańsk :
    • b
    • Nazwa wydawcy (P)
    • Wydaw. Gdańskie,
    • c
    • Data wydania (P)
    • 1993.
300 -Strefa opisu fizycznego [ , ]
    • a
    • Określenie formy książki i/lub objętość (NP)
    • 319, [1] s. :
    • b
    • Oznaczenie ilustracji (NP)
    • rys., wykr. ;
    • c
    • Format (NP)
    • 24 cm.
336 -Typ zawartości [ , ]
    • a
    • Termin opisujący typ zawartości
    • Tekst
    • b
    • Kod określający zawartość
    • txt
    • 2
    • Źródło (terminu i kodu)
    • rdacontent
337 -Typ mediów [ , ]
    • a
    • Tryb odtwarzania
    • Bez urządzenia pośredniczącego
    • b
    • Kod typu mediów
    • n
    • 2
    • Źródło (terminu i kodu)
    • rdamedia
338 -Typ/rodzaj nośnika [ , ]
    • a
    • Hasło opisujące typ nośnika
    • Wolumin
    • b
    • Kod typu nośnika
    • nc
    • 2
    • Źródło (terminu i kodu)
    • rdacarrier
500 -Uwaga ogólna [ , ]
    • a
    • Uwaga ogólna (NP)
    • U góry s. tyt. inst. sprawcza : Gdańskie Towarzystwo Naukowe.
504 -Uwaga dot. bibliogr. załącznikowej [ , ]
    • a
    • Uwaga dot. bibliografii załącznikowej
    • Bibliogr. s. 311-320.
080 -Uniwersalna Klasyfikacja Dziesiętna [ , ]
    • a
    • Symbol klasyfikacji
    • 338.47::656.61(075.8)
650 -Hasło przedmiotowe [ ,7]
    • a
    • Hasło przedmiotowe
    • Porty
    • x
    • Określnik rzeczowy
    • aspekt ekonomiczny
    • v
    • Określnik formalny
    • podręczniki akademickie.
    • 2
    • Źródło terminu
    • kaba
    • 9
    • KHW
    • 479027
650 -Hasło przedmiotowe [ ,7]
    • a
    • Hasło przedmiotowe
    • Porty
    • x
    • Określnik rzeczowy
    • polityka publiczna
    • v
    • Określnik formalny
    • podręczniki akademickie.
    • 2
    • Źródło terminu
    • kaba
    • 9
    • KHW
    • 479028
980 -Symbol UKD [ , ]
    • a
    • UKD
    • 338.47::656.61(075.8)
700 -Hasło dodatkowe - nazwa osobowa [1, ]
    • a
    • Nazwa osobowa (NP)
    • Kuźma, Leopold Find
    • d
    • Daty biograficzne (NP)
    • (1926- ).
    • 9
    • KHW
    • 452188
700 -Hasło dodatkowe - nazwa osobowa [1, ]
    • a
    • Nazwa osobowa (NP)
    • Misztal, Konrad. Find
    • 9
    • KHW
    • 18927
710 -Hasło dodatkowe - nazwa ciała zbiorowego [2, ]
    • a
    • Nazwa ciała zbiorowego lub nazwa geograficzna jako pierwszy element (NP)
    • Wydawnictwo Gdańskie (1990- ).
    • 4
    • Kod relacji
    • pbl
    • 9
    • KHW
    • 82305
920 -ISBN [ , ]
    • a
    • ISBN
    • 83-85843-02-7 Find
Sygnatura Numer inwentarzowy Status udost. Data inwentaryzacji Lokalizacja
 E.61716-21997-01-01BE
 S.7552021997-01-01BE
 S.8092221997-09-30BE
 S.8092321997-09-30BE
 S.83403-31999-03-22BE
 TS.79225-61996-10-02T
TS.79226TS.79226-31996-10-02T
 TS.79227-61996-10-02T
 TS.75508-31997-01-01T
 TS.75510-31997-01-01T
 TS.75511-31997-01-01T
 TS.75512-31997-01-01T
 TS.75515-31997-01-01T
 TS.75516-31997-01-01T
 TS.75517-31997-01-01T
 TS.75518-31997-01-01T
 TS.75519-31997-01-01T
 TS.75509-31997-01-01T
 TS.75513-31997-01-01T
 TS.75514-31997-01-01T
 TS.75521-31997-01-01T